| 000 | 00415nam a2200157Ia 4500 | ||
|---|---|---|---|
| 008 | 240729s9999 xx 000 0 und d | ||
| 022 | _a2278-7100 | ||
| 245 | 0 | _aNigerian Journal of Surgery | |
| 260 | _aIndia | ||
| 260 | _bWolters Kluwer Medknow Publications | ||
| 650 | _a Surgery | ||
| 650 | _aMedicine | ||
| 856 | _uhttps://doaj.org/toc/ecce407c04c34a1fabce2fc027e5a9e3 | ||
| 942 | _2ddc | ||
| 942 | _cDOAJEJ | ||
| 999 |
_c71719 _d71719 |
||
| 945 |
_a1 _bMadushi Gamage _c1 _dMadushi Gamage |
||